| 000 | 00969cam a2200313 a 4500 | ||
|---|---|---|---|
| 001 | 4241932 | ||
| 003 | OSt | ||
| 005 | 20230627111852.0 | ||
| 008 | 830804s1984 okua b s001 0 eng | ||
| 010 | _a 83017093 | ||
| 020 | _a0806118695 (alk. paper) | ||
| 040 |
_aDLC _cDLC _dDLC |
||
| 043 | _an-us--- | ||
| 050 | 0 | 0 |
_aHD9502.U52 _bK375 1984 |
| 082 | 0 | 0 |
_a333.79/0973 _219 _bKAS |
| 100 | 1 | _aKash, Don E. | |
| 245 | 1 | 0 |
_aU.S. energy policy : _bcrisis and complacency / _cby Don E. Kash and Robert W. Rycroft. |
| 250 | _a1st ed. | ||
| 260 |
_aNorman : _bUniversity of Oklahoma Press, _cc1984. |
||
| 300 |
_axviii, 334 p. : _bill. ; _c24 cm. |
||
| 500 | _aIncludes index. | ||
| 504 | _aBibliography: p. 315-329. | ||
| 650 | 0 |
_aEnergy policy _zUnited States. |
|
| 650 | 0 |
_aEnergy policy _zUnited States _xHistory. |
|
| 700 | 1 |
_aRycroft, Robert W., _d1945- |
|
| 740 | 0 | _aUS energy policy. | |
| 906 |
_a7 _bcbc _corignew _d1 _eocip _f19 _gy-gencatlg |
||
| 942 |
_2ddc _cBK |
||
| 999 |
_c2824 _d2824 |
||